Películas de Disney por emojis #2 - Estadísticas

Estadísticas generales
  • Esta prueba ha sido intentada 288 veces
  • La puntuación promedio es 9 de 16
Estadísticas de respuestas
Emojis Película % Correcto
🧞‍♂️👸🏾🧑🏽 Aladdin
98%
👭🏼❄️☃️ Frozen
96%
👸🏻🍎7️⃣ Blancanieves
94%
🏎️🏁🏜️ Cars
94%
👸🏾😘🐸 La Princesa y el Sapo
69%
🐜🎪🦗 Bichos
66%
👸🏼💤🐉 La Bella Durmiente
61%
🧑🏻🤖🏥 Grandes Héroes
55%
🌂👩🏻‍🍼🇬🇧 Mary Poppins
55%
🧑🏻👨🏻‍🦳🦗 Pinocho
47%
🐻🐻🏔️ Tierra de Osos
43%
🇵🇪🦙🤴🏻 Las locuras del emperador
37%
👩🏼🧠🌁 Intensamente
30%
🦸🏻‍♂️5️⃣🤖 Los Increíbles
25%
⭐️🪄👩🏽 Wish
13%
🐭🐭☮️ Bernardo y Bianca
12%
No se encontraron pruebas coincidentes
Distribución de puntuación
Porcentaje de gente con cada puntuación
Porcentaje por número respondido
Historial de tus puntuaciones
No has intentado esta prueba.